| 000 | 00000nam##2200000za#4500 |
| 001 | 9.644390 |
| 003 | CaOODSP |
| 005 | 20210624224623 |
| 007 | cr ||||||||||| |
| 008 | 150407|1998||||xxc|||||o f|0| 0 fre|d |
| 040 | |aCaOODSP|bfre |
| 043 | |an-cn--- |
| 086 | 1 |aR32-190/1-1998F-PDF |
| 110 | 1 |aCanada.|bAffaires indiennes et du Nord. |
| 245 | 10|aEntente définitive de la Première nation de Little Salmon/Carmacks conclue par le gouvernement du Canada, la Première nation de Little Salmon/Carmacks et le gouvernement du Yukon |h[ressource électronique] |
| 260 | |aOttawa - Ontario : |bAffaires indiennes et du Nord |c[1998]. |
| 300 | |a353p. |
| 590 | |a15-05-Supp|b2015-03-31 |
| 691 | 07|aDroits des autochtones|2gcpds |
| 775 | 08|tLittle Salmon/Carmacks First Nation Final Agreement between the Government of Canada, the Little Salmon/Carmacks First Nation and the Government of the Yukon |w(CaOODSP)9.700506 |
| 856 | 40|ahttp://publications.gc.ca|qPDF|s862 Ko|uhttps://publications.gc.ca/collections/collection_2015/aadnc-aandc/R32-190-1-1998-fra.pdf |